Anterior Skull Quiz SVG - Statistics

General Stats
  • This quiz has been taken 97 times
    95 since last reset
  • The average score is 13 of 19
Answers on the Map
Answers color-coded by a green-red scale on the quiz's map according to % correct below.
 
Answer Stats
Answer % Correct
maxilla
91%
maxilla
91%
frontal
88%
mandible
84%
nasal
81%
nasal
81%
parietal
78%
parietal
78%
temporal
78%
temporal
78%
zygomatic
75%
zygomatic
75%
ethmoid
66%
sphenoid
66%
vomer
59%
lacrimal
47%
lacrimal
47%
inferior nasal concha
38%
inferior nasal concha
38%
No matching quizzes found
Score Distribution
Percent of People with Each Score
Percentile by Number Answered
Your Score History
You have not taken this quiz since the last reset